JetPunk Trivia - Statistiken

Allgemein
  • Dieses Quiz wurde 25 mal gespielt
    20 seit der letzten Aktualisierung
  • Das Durchschnittsergebnis liegt bei 3 aus 11
Antwortstatistiken
Frage Antwort % Korrekt
Was gibt es auf JetPunk NICHT? Modus für Farbenblinde
67%
Wie viele Quizersteller (mit mindestens einem gespielten Quiz) gibt es auf JetPunk? ca. 55.000
50%
Welche drei Länder wurden beim "Länder der Welt Quiz" am seltensten erraten? Grenada, Nauru, Salomonen
50%
Wie viele Badges (Abzeichen) gibt es auf JetPunk? 33
33%
Wie viel kostet JetPunk Premium für ein Jahr? 20$
17%
Seit wann gibt es JetPunk? 2008
17%
Wie viel Zeit kann man für ein JetPunk-Quiz maximal einstellen? 60 Minuten
17%
Wie heißt das Maskottchen von JetPunk? Jeppy
17%
Welche dieser Funktionen ist am ältesten? JetPunk Shop
17%
Was ist das erfolgreichste deutsche JetPunk-Quiz, dass nichts mit Geographie zu tun hat? PSE Quiz
17%
In wie vielen Sprachen kann man das "Länder der Welt Quiz" auf JetPunk spielen? 63
0%
Keine übereinstimmenden Quizze gefunden
Verteilung der Resultate
Anzahl Personen mit jedem Resultat
Perzentil nach korrekt beantworteten Fragen
Ihre Resultats-Entwicklung
Sie haben dieses Quiz seit der letzten Aktualisierung nicht gespielt